Modification of yellow fever virus by serial passages in the developing chick embryo /

Hlavní autor: Penna, H. A.
Další autoři: Moussatche, H.
Jazyk: Angličtina
Vydáno: Rio de Janeiro : Sodr' & Cia, 1930
Témata:
Fyzický popis: 3 s.
Knihy
Uloženo v:
LEADER 00918nam a22002772a 4500
001 001692960
003 CZ BrMZK
005 20191108120001.0
007 ta
008 190710s1930 bl fr|||||||||||eng d
040 |a BOA001  |b cze  |e aacr2 
072 7 |a 636.09  |x Veterinární lékařství  |2 Konspekt  |9 24 
080 |a 636.09  |2 MRF 
080 |a (048.8)  |2 MRF 
100 1 |a Penna, H. A.  |4 aut 
245 1 0 |a Modification of yellow fever virus by serial passages in the developing chick embryo /  |c H.A. Penna and H. Moussatche 
260 |a Rio de Janeiro :  |b Sodr' & Cia,  |c 1930 
300 |a 3 s. 
500 |a Separát 
650 0 7 |a nemoci hospodářských zvířat  |7 ph136502  |2 czenas 
655 7 |a studie  |7 fd133597  |2 czenas 
700 1 |a Moussatche, H.  |4 aut 
910 |a BOA001  |b X-0275.270 
990 |a BK 
991 |b 201907 
996 7 |b 2618815565  |c X-0275.270  |l MZK  |r Sklad / do 24 hodin  |n 0  |w 001734008  |u 000010  |a 1  |e BOA001  |j MZK50  |s A